Which EToH Tower Came First? - Statistics

General Stats
  • This quiz has been taken 26 times
  • The average score is 24 of 36
Answer Stats
Question Tile Select % Correct
Which Ring 1 tower came first? Yes
100%
Which Ring 1 tower came first? No
92%
Which Ring 1 tower came first? No
92%
Which Ring 1 tower came first? No
92%
Which Ring 1 tower came first? No
92%
Which Ring 1 tower came first? No
92%
Which Zone 4 tower came first? No
83%
Which Zone 2 tower came first? No
79%
Which Zone 2 tower came first? No
79%
Which Ring 6 tower came first? No
79%
Which Ring 9 tower came first? No
79%
Which Zone 9 tower came first? No
79%
Which Zone 4 tower came first? No
75%
Which Zone 4 tower came first? No
75%
Which Zone 2 tower came first? No
75%
Which Ring 6 tower came first? No
75%
Which Ring 6 tower came first? No
75%
Which Ring 9 tower came first? No
75%
Which Zone 9 tower came first? No
75%
Which Zone 2 tower came first? No
71%
Which Ring 6 tower came first? No
71%
Which Ring 9 tower came first? No
67%
Which Zone 9 tower came first? No
67%
Which Zone 4 tower came first? No
63%
Which Ring 6 tower came first? No
63%
Which Zone 9 tower came first? No
63%
Which Zone 4 tower came first? No
54%
Which Ring 6 tower came first? Yes
54%
Which Ring 9 tower came first? No
50%
Which Ring 9 tower came first? No
50%
Which Zone 9 tower came first? No
50%
Which Zone 2 tower came first? No
46%
Which Zone 2 tower came first? Yes
33%
Which Zone 4 tower came first? Yes
21%
Which Zone 9 tower came first? Yes
21%
Which Ring 9 tower came first? Yes
8%
No matching quizzes found
Score Distribution
Percent of People with Each Score
Percentile by Number Answered
Your Score History
You have not taken this quiz